00759nam a22001937a 4500003000400000008004100004020001800045082001700063245008300080260005300163300001400216650003400230650002000264650007400284700002100358942001200379999001700391952015700408OSt260605b |||||||| |||| 00| 0 eng d a9789353874001 a664.07bA39F aFundamentals of Food Quality, Safety & Analysis bby Syed Mazar Ali...[et al.] aDelhi: bSatish Serial Publishing House,c2026. ax, 350 p. aTechnology (Applied sciences) aFood technology aLaboratory analysis, quality control, chemical and biological aspects aAli, Syed Mazar  2ddccBK c51551d51551 00102ddc4070aRAUbRAUcGENd2026-06-05eDelight Book Agency g3950.00l0o664.07 A39Fp87350r2026-06-05w2026-01-29yBKkBill No. DBS/0262025-2026